LEADER 01330nam a2200241 i 4500 001 000000001425 003 CaOOAMICUS 005 20180830125434.0 008 180830s1984 it u000 u ita u 040 $aSeMil$bita 100 1 $aPopper, Karl Raimund,$d<1902-1994>.$0(OLS)http://semarc/name/924 240 10$aPostscript to the Logic of Scientific Discovery.$0(OLS)http://semarc/title/2295 245 10$aPoscritto alla Logica della scoperta scientifica /$cKarl R. Popper ; a cura di W.W. Bartley, 3. 260 $aMilano :$bIl Saggiatore,$c1984. 300 $a3 v. ;$c21 cm. 500 $aFondo Ciprandi. 700 1 $aBartley, William Warren <1934->.$0(OLS)http://semarc/name/1288 774 0 $aPopper, Karl Raimund <1902-1994>$tUniverso aperto.$kCultura. Biblioteca di filosofia, psicologia e scienze umane$g2$w()50906 774 0 $aPopper, Karl Raimund <1902-1994>$tRealismo e lo scopo della scienza.$kCultura. Biblioteca di filosofia, psicologia e scienze umane$g1$w()51389 774 0 $aPopper, Karl Raimund <1902-1994>$tTeoria dei quanti e lo scisma nella fisica.$kCultura. Biblioteca di filosofia, psicologia e scienze umane$g3$w()51991 941 1 $a1 996 $6245$aPoscritto alla Logica della scoperta scientifica$9(OLS)http://semarc/title/2294 996 $6260$aMilano :$bIl Saggiatore$9(OLS)http://semarc/publisher/30255 LEADER 01155nam a2200229 i 4500 001 000000029745 003 CaOOAMICUS 005 20230823084757.0 008 180830s1969 gw u000 u ger u 040 $aSeMil$bita 100 1 $aZimmerli, Walther,$d<1907-1983>.$0(OLS)http://semarc/name/13570 245 10$aEzechiel /$cWalther Zimmerli. 260 $aNeukirchener :$bNeukirchener Verl. des Erziehungsvereins,$c1969. 300 $a2 v. ;$c25 cm. 490 1 $aBiblischer Kommentar. Altes Testament ;$v13 650 4$aBibbia. Antico Testamento. Ezechiele - Commentari, studi, critica, interpretazioni.$0(OLS)http://semarc/subject/477 774 0 $aZimmerli, Walther <1907-1983>$tEzechiel 1-24.$kBiblischer Kommentar. Altes Testament$g1$w()228889 774 0 $aZimmerli, Walther <1907-1983>$tEzechiel 25-48.$kBiblischer Kommentar. Altes Testament$g2$w()228890 830 0$aBiblischer Kommentar. Altes Testament ;$v13.$0(OLS)http://semarc/title/46819 996 $6245$aEzechiel$9(OLS)http://semarc/title/40443 996 $6260$aNeukirchener :$bNeukirchener Verl. des Erziehungsvereins$9(OLS)http://semarc/publisher/29976